Pakistan: (Record no. 9944)
[ view plain ]
| 000 -LEADER | |
|---|---|
| fixed length control field | 00708nam a22002532a 4500 |
| 001 - CONTROL NUMBER | |
| JCCL Control Number | 9944 |
| 003 - CONTROL NUMBER IDENTIFIER | |
| JCCL marc code | BD - JhCC |
| 005 - DATE AND TIME OF LATEST TRANSACTION | |
| control field | 20180404095311.0 |
| 008 - FIXED-LENGTH DATA ELEMENTS--GENERAL INFORMATION | |
| fixed length control field | 180403s1968 xx 000 0 eng d |
| 035 ## - SYSTEM CONTROL NUMBER | |
| system control number | OCLC ocm00512697 from D950718M |
| -- | (BD - JhCC)9944 |
| 040 ## - CATALOGING SOURCE | |
| Original cataloging agency | WBU |
| Transcribing agency | WBU |
| Modifying agency | UKM |
| -- | EQO |
| -- | BD - JhCC |
| 041 ## - LANGUAGE CODE | |
| Language code of Book | eng |
| 082 ## - DEWEY DECIMAL CLASSIFICATION NUMBER | |
| Classification number | 954.9 |
| DDC Edition number | 18 |
| Author mark and Year | FEL 1968 |
| 090 ## - LOCALLY ASSIGNED LC-TYPE CALL NUMBER (OCLC); LOCAL CALL NUMBER (OCLC) | |
| Classification number (OCLC) (R) ; Classification number, CALL (RLIN) (NR) | DS377 |
| Local cutter number (OCLC) ; Book number/undivided call number, CALL (RLIN) | .F312P15 1968 |
| 100 1# - MAIN ENTRY--PERSONAL NAME | |
| Personal name | Feldman, Herbert. |
| 245 00 - TITLE STATEMENT | |
| Title | Pakistan: |
| Remainder of title | an introduction / |
| Statement of responsibility, etc | Herbert Feldman, |
| 250 ## - EDITION STATEMENT | |
| Edition statement | [2d ed.] |
| 260 ## - PUBLICATION, DISTRIBUTION, ETC. (IMPRINT) | |
| Place of publication, distribution, etc | Lahore : |
| Name of publisher, distributor, etc | Oxford University Press, |
| Date of publication, distribution, etc | 1968. |
| 300 ## - PHYSICAL DESCRIPTION | |
| Pagination | 143 p. |
| Other physical details | illus., maps |
| 504 ## - BIBLIOGRAPHY, ETC. NOTE | |
| Bibliography, etc | Bibliography: p. 137-143 |
| 651 #0 - SUBJECT ADDED ENTRY--GEOGRAPHIC NAME | |
| Geographic name | Pakistan |
| 942 ## - ADDED ENTRY ELEMENTS (KOHA) | |
| Source of classification or shelving scheme | Dewey Decimal Classification |
| Koha item type | Reference |
| Source of classification or shelving scheme | Damaged status | Not for loan | Home library | Current library | Shelving location | Date of accession | Full call number | Barcode | Date last seen | Copy number | Method of acquisition | Koha item type | Currency |
|---|---|---|---|---|---|---|---|---|---|---|---|---|---|
| Dewey Decimal Classification | JCC Rouf Library | JCC Rouf Library | General Stacks | 04/03/2018 | 954.9 FEL 1968 | 13347 | 04/03/2018 | C-1 | Purchase | Reference |